<?xml version="1.0" encoding="UTF-8"?>
<record
    xmlns:xsi="http://www.w3.org/2001/XMLSchema-instance"
    xsi:schemaLocation="http://www.loc.gov/MARC21/slim http://www.loc.gov/standards/marcxml/schema/MARC21slim.xsd"
    xmlns="http://www.loc.gov/MARC21/slim">

  <leader>00641nas a22002297i 4500</leader>
  <datafield tag="999" ind1=" " ind2=" ">
    <subfield code="c">6420</subfield>
    <subfield code="d">6420</subfield>
  </datafield>
  <controlfield tag="001">7555</controlfield>
  <controlfield tag="003">OSt</controlfield>
  <controlfield tag="005">20180921132039.0</controlfield>
  <controlfield tag="007">tu</controlfield>
  <controlfield tag="008">161220c        a  ||||| |||| 00| 0     d</controlfield>
  <datafield tag="024" ind1="7" ind2=" ">
    <subfield code="a">7555</subfield>
    <subfield code="2">RID</subfield>
  </datafield>
  <datafield tag="024" ind1="7" ind2=" ">
    <subfield code="a">7555</subfield>
    <subfield code="2">RSN (alt)</subfield>
  </datafield>
  <datafield tag="040" ind1=" " ind2=" ">
    <subfield code="c">OSt</subfield>
  </datafield>
  <datafield tag="041" ind1=" " ind2=" ">
    <subfield code="a">ger</subfield>
    <subfield code="a">eng</subfield>
  </datafield>
  <datafield tag="110" ind1="2" ind2=" ">
    <subfield code="a">Institut f&#xFC;r die Wissenschaften vom Menschen (IWM)</subfield>
  </datafield>
  <datafield tag="245" ind1="0" ind2="0">
    <subfield code="a">IWMpost</subfield>
    <subfield code="b">Magazine of the Institut f&#xFC;r die Wissenschaft vom Menschen / Institute for Human Sciences</subfield>
  </datafield>
  <datafield tag="246" ind1=" " ind2=" ">
    <subfield code="a">IWM Post</subfield>
  </datafield>
  <datafield tag="260" ind1=" " ind2=" ">
    <subfield code="a">Wien.</subfield>
  </datafield>
  <datafield tag="300" ind1=" " ind2=" ">
    <subfield code="c">30cm</subfield>
    <subfield code="e">Begleitmaterial (CD,Karten)</subfield>
  </datafield>
  <datafield tag="856" ind1="4" ind2="0">
    <subfield code="u">http://www.iwm.at/publications/iwmpost/</subfield>
  </datafield>
  <datafield tag="942" ind1=" " ind2=" ">
    <subfield code="c">J</subfield>
  </datafield>
  <datafield tag="952" ind1=" " ind2=" ">
    <subfield code="0">0</subfield>
    <subfield code="1">0</subfield>
    <subfield code="4">0</subfield>
    <subfield code="7">0</subfield>
    <subfield code="a">BIB</subfield>
    <subfield code="b">BIB</subfield>
    <subfield code="c">1</subfield>
    <subfield code="d">2007-07-17</subfield>
    <subfield code="i">7555</subfield>
    <subfield code="l">0</subfield>
    <subfield code="p">10003522</subfield>
    <subfield code="r">2017-01-26 00:00:00</subfield>
    <subfield code="w">2017-01-26</subfield>
    <subfield code="y">J</subfield>
  </datafield>
  <datafield tag="952" ind1=" " ind2=" ">
    <subfield code="0">0</subfield>
    <subfield code="1">0</subfield>
    <subfield code="4">0</subfield>
    <subfield code="7">0</subfield>
    <subfield code="a">BIB</subfield>
    <subfield code="b">BIB</subfield>
    <subfield code="c">1</subfield>
    <subfield code="d">2013-01-07</subfield>
    <subfield code="h">2012,110 (May - August)</subfield>
    <subfield code="i">7555</subfield>
    <subfield code="l">0</subfield>
    <subfield code="p">10005270</subfield>
    <subfield code="r">2017-01-26 00:00:00</subfield>
    <subfield code="w">2017-01-26</subfield>
    <subfield code="y">J</subfield>
  </datafield>
  <datafield tag="952" ind1=" " ind2=" ">
    <subfield code="0">0</subfield>
    <subfield code="1">0</subfield>
    <subfield code="4">0</subfield>
    <subfield code="7">0</subfield>
    <subfield code="a">BIB</subfield>
    <subfield code="b">BIB</subfield>
    <subfield code="c">1</subfield>
    <subfield code="d">2013-07-29</subfield>
    <subfield code="h">2012-2013,111 (September - April)</subfield>
    <subfield code="i">7555</subfield>
    <subfield code="l">0</subfield>
    <subfield code="p">10005723</subfield>
    <subfield code="r">2017-01-26 00:00:00</subfield>
    <subfield code="w">2017-01-26</subfield>
    <subfield code="y">J</subfield>
  </datafield>
  <datafield tag="952" ind1=" " ind2=" ">
    <subfield code="0">0</subfield>
    <subfield code="1">0</subfield>
    <subfield code="4">0</subfield>
    <subfield code="7">0</subfield>
    <subfield code="a">BIB</subfield>
    <subfield code="b">BIB</subfield>
    <subfield code="c">1</subfield>
    <subfield code="d">2014-02-20</subfield>
    <subfield code="h">2013/14,112</subfield>
    <subfield code="i">7555</subfield>
    <subfield code="l">0</subfield>
    <subfield code="p">10006061</subfield>
    <subfield code="r">2017-01-26 00:00:00</subfield>
    <subfield code="w">2017-01-26</subfield>
    <subfield code="y">J</subfield>
  </datafield>
</record>
